<?xml version="1.0" encoding="UTF-8"?>
<marc:record xmlns:marc="http://www.loc.gov/MARC21/slim">
   <marc:leader>00000nam a2200000 a 4500</marc:leader>
   <marc:datafield ind1="1" ind2=" " tag="100">
      <marc:subfield code="a">Köllner, Helmut</marc:subfield>
      <marc:subfield code="4">ctb</marc:subfield>
      <marc:subfield code="e">Mitwirkende/-r</marc:subfield>
   </marc:datafield>
   <marc:datafield ind1="0" ind2="0" tag="245">
      <marc:subfield code="a">Indien - der Norden</marc:subfield>
   </marc:datafield>
   <marc:datafield ind1="0" ind2="0" tag="245">
      <marc:subfield code="c">Autoren: Helmut Köllner ...</marc:subfield>
   </marc:datafield>
   <marc:datafield ind1=" " ind2="1" tag="264">
      <marc:subfield code="a">München</marc:subfield>
      <marc:subfield code="b">Nelles</marc:subfield>
      <marc:subfield code="c">2015</marc:subfield>
   </marc:datafield>
   <marc:datafield ind1="1" ind2=" " tag="490">
      <marc:subfield code="a">Nelles-Guide</marc:subfield>
   </marc:datafield>
   <marc:datafield ind1=" " ind2=" " tag="250">
      <marc:subfield code="a">Ausg. 2015</marc:subfield>
   </marc:datafield>
   <marc:datafield ind1="1" ind2=" " tag="520">
      <marc:subfield code="a">Angaben aus der Verlagsmeldung

Indien : Der Norden

REISEZIELE: Überall in Nordindien finden sich Zeugnisse der glanzvollen Vergangenheit des Subkontinents. Der Nelles Guide Indien Nord führt Sie von der alten und neuen Hauptstadt Delhi zu den Klöstern Ladakhs und Sikkims, vom Taj Mahal in die Wüste Rajasthans, und von Benares den Ganges hinauf bis zu den Gipfeln des Himalayas.

GESCHICHTE: Nordindien war die Geburtsstätte der Weltreligionen Buddhismus und Hinduismus, des Jainismus und Sikhismus. Unter der Herrschaft von Mogulkaisern und Maharajas bildeten sie zusammen mit dem Islam ein faszinierendes Mosaik – erleben Sie die noch heute lebendige kulturelle Vielfalt Nordindiens.

REISEINFORMATIONEN: In den Info-Boxen am Ende jedes Kapitels finden Sie Tipps zu Restaurants, Einkaufsmöglichkeiten und örtlichen Festen. Am Ende des Buches stehen allgemeine Reiseinformationen, die Sie u.a. mit den indischen Besonderheiten vertraut machen, sowie ein Unterkunftsverzeichnis.
</marc:subfield>
   </marc:datafield>
   <marc:datafield ind1=" " ind2=" " tag="020">
      <marc:subfield code="a">9783865744173</marc:subfield>
      <marc:subfield code="9">9783865744173</marc:subfield>
   </marc:datafield>
   <marc:datafield ind1=" " ind2=" " tag="041">
      <marc:subfield code="a">ger</marc:subfield>
   </marc:datafield>
   <marc:datafield ind1=" " ind2=" " tag="300">
      <marc:subfield code="a">272 S.</marc:subfield>
   </marc:datafield>
</marc:record>
